Closest Genetic Populations to the Dutch - Statistics

General Stats
  • This quiz has been taken 21 times
  • The average score is 9 of 12
Answer Stats
Genetic Distance Ethnicity % Correct
1.162 German
100%
0.905 English
95%
1.256 Irish
90%
2.095 French
86%
1.790 Norwegian
86%
1.472 Danish
81%
1.779 Belgian
76%
1.905 Austrian
71%
0.896 Scottish
67%
0.699 Welsh
57%
1.417 Breton
33%
1.836 Icelander
19%
No matching quizzes found
Score Distribution
Percent of People with Each Score
Percentile by Number Answered
Your Score History
You have not taken this quiz